| 000 | 01252nam a2200397 i 4500 | ||
|---|---|---|---|
| 001 | 13898 | ||
| 003 | KOSZ 005 | ||
| 005 | 20201216101306.0 | ||
| 008 | 070620s1970 pl a f f 001 0 pol | ||
| 015 | _aPB 1970/1997 | ||
| 035 | _a(OCoLC)749587002 | ||
| 040 |
_aWA N _cWA N _dKOSZ 005/EG |
||
| 046 | _k1970 | ||
| 080 | _a54 | ||
| 080 | _a(083.1) | ||
| 100 | 1 |
_aBellen, Natalia _eAutor |
|
| 245 | 1 | 0 |
_aPoradnik laboranta-chemika / _cN. Bellen, A. Gutorska. |
| 250 | _aWydanie 3. | ||
| 260 |
_aWarszawa : _bWydawnictwa Naukowo-Techniczne, _c1970. |
||
| 300 |
_a306 stron : _bilustracje ; _c23 cm. |
||
| 336 |
_2rdacontent _aTekst _btxt |
||
| 337 |
_2rdamedia _aBez urządzenia pośredniczącego _bn |
||
| 338 |
_2rdacarrier _aWolumin _bnc |
||
| 380 | _aKsiążki. | ||
| 388 | _a1945-1989 | ||
| 500 | _aDruk z klisz. | ||
| 504 | _aBibliografia na stronach 299-300. Indeks. | ||
| 658 | _aChemia | ||
| 655 | _aPoradniki | ||
| 650 | 4 | _aChemia | |
| 650 | 4 | _aLaboratoria | |
| 710 | 2 |
_aWydawnictwa Naukowo-Techniczne _4pbl. |
|
| 700 | 1 |
_aGutorska, Alicja _eAutor |
|
| 856 |
_uhttp://koha.tu.koszalin.pl/cgi-bin/koha/opac-detail.pl?biblionumber=13898 _yKatalog online BPK |
||
| 942 |
_2UKD _cKS |
||
| 999 |
_c13898 _d13898 |
||